[Event "FRA-chT 0304 Regionale"]
[Site "Bretagne "]
[Date "2004.02.01"]
[Round "5"]
[White "Le Ny, Jean Jacques"]
[Black "Pesquet, Emmanuel"]
[Result "1/2-1/2"]
[WhiteElo "1690"]
[BlackElo "1500"]
[PlyCount "47"]
[EventDate "2003.01.16"]
[EventType "team"]
[EventRounds "7"]
[EventCountry "FRA"]
[SourceTitle "EXT 2007"]
[Source "ChessBase"]
[SourceDate "2006.11.23"]
[SourceVersion "1"]
[SourceVersionDate "2006.11.23"]
[SourceQuality "1"]

1. e4 e6 2. d3 c5 3. Nf3 Nc6 4. g3 e5 5. Bg2 d6 6. 0-0 Bg4 7. c3 Nf6 8. Nbd2 Be7 9. Re1 Qd7 10. Nf1 0-0 11. Ne3 Bh5 12. h3 Rab8 13. Nf5 Bg6 14. N3h4 b5 15. Bg5 h6 16. Bxf6 Bxf6 17. Qg4 Kh7 18. Nxh6 Qxg4 19. Nxg4 Bxh4 20. gxh4 Rh8 21. Kh2 Ne7 22. Ne3 f5 23. exf5 Nxf5 24. Nxf5 1/2-1/2

[Event "Fouesnant op 09th"]
[Site "Fouesnant"]
[Date "2003.10.25"]
[Round "1"]
[White "Hutois, Mickael"]
[Black "Le Ny, Jean Jacques"]
[Result "1-0"]
[WhiteElo "1620"]
[BlackElo "1740"]
[PlyCount "74"]
[EventDate "2003.10.25"]
[EventType "swiss"]
[EventRounds "9"]
[EventCountry "FRA"]
[SourceTitle "EXT 2006"]
[Source "ChessBase"]
[SourceDate "2005.11.24"]
[SourceVersion "1"]
[SourceVersionDate "2005.11.24"]
[SourceQuality "1"]

1. e4 c5 2. Nf3 Nc6 3. d4 cxd4 4. Nxd4 g6 5. Nc3 Bg7 6. Be3 Nf6 7. f3 0-0 8. Bc4 a6 9. Bb3 d6 10. Qd2 Bd7 11. 0-0-0 Qa5 12. g4 Rfc8 13. h4 Ne5 14. h5 Nc4 15. Bxc4 Rxc4 16. Nb3 Qc7 17. hxg6 hxg6 18. Bh6 Rxc3 19. bxc3 Bh8 20. Qh2 Rc8 21. Bd2 Bg7 22. Bh6 Bh8 23. Bf8 Nh5 24. Bxe7 Qxc3 25. Rd2 Qb2+ 26. Kd1 Qb1+ 27. Ke2 Bb5+ 28. c4 Bxc4+ 29. Ke3 Be5 30. Rxb1 Bxh2 31. Rxh2 Ng3 32. Rc1 b5 33. Rg2 Nxe4 34. fxe4 Re8 35. Bxd6 Bd5 36. Nc5 a5 37. Kd4 Bc4 1-0